| 000 | 01115na a2200349 4500 | ||
|---|---|---|---|
| 001 | 12642 | ||
| 003 | MIRAKIL | ||
| 005 | 20181213155311.0 | ||
| 008 | 160824b tu 000 0 | ||
| 020 | _a9786053993469 | ||
| 035 | _a12642 | ||
| 040 |
_aMilas _btur _cTR-AnCHP |
||
| 082 |
_a152.4 _bK44u 2014 |
||
| 090 | _a152.4 K44u 2014 | ||
| 100 | _aKilborne, Benjamin | ||
| 245 |
_aUtanç ve haset _bgörünüm kaygısı ve kem göz _cBenjamin Kilborne ; çeviren: Burçak Erdal ; editör: Sibel Mercan. |
||
| 246 | _aGörünüm kaygısı ve kem göz | ||
| 260 |
_aİstanbul _bİstanbul Bilgi Üniversitesi Yayınları _c2014 |
||
| 300 |
_axvii, 270 s. _c23 sm. |
||
| 490 |
_aPsike İstanbul Psikanaliz Kitaplığı Şimdi ve Burada _v4 |
||
| 490 |
_aİstanbul Bilgi Üniversitesi yayınları _v475 |
||
| 504 | _aDizin var. | ||
| 650 | _aBeden imajı | ||
| 650 | _aÇatışma (Psikoloji) | ||
| 650 | _aKaygı (Psikoloji) | ||
| 650 | _aKıskançlık (Psikoloji) | ||
| 650 | _aPsikoloji | ||
| 700 | _aDemir, Türkay | ||
| 700 | _aMercan, Sibel | ||
| 700 | _aErdal, Burçak | ||
| 942 |
_2ddc _cBKS |
||
| 999 |
_c10221 _d10221 |
||